Noms propres en médecine - Statistiques

Statistiques générales
  • Ce quiz a été pris 643 fois
  • Le résultat moyen est 6 sur 20
Statistiques - réponses
Indice Nom Réponse % Correct
Trompe auditive Trompe d' Eustache
79%
Maladie neurodégénérative Maladie d' Alzheimer
76%
Proéminence laryngée Pomme d' Adam
74%
Trompe utérine Trompe de Fallope
71%
Tendon calcanéen Tendon d' Achille
66%
Gonflement rapide de la peau et des muqueuses Oedème de Quincke
56%
Maladie neurodégénérative irréversible Maladie de Parkinson
55%
Maladie neurodégénérative Maladie de Charcot
42%
Cancer du système lymphatique Lymphome de Hodgkin
37%
Insuffisance surrénalienne Maladie d' Addison
29%
Maladie endocrinienne Syndrome de Cushing
23%
Fibrose rétractile Maladie de Dupuytren
7%
Dépression du cerveau Fente de Bichat
5%
Anomalie de la vision - Daltonisme
3%
Dégénérescence du système nerveux central Maladie de Creutzfeldt-Jacob
1%
Tubercule auriculaire Tubercule de Darwin
1%
Trigone sterno-costal du diaphragme Fente de Larrey
1%
Fragilité osseuse excessive Maladie de Lobstein
1%
Maladie bactérienne - Listériose
0%
Nœud lymphatique de la vésicule biliaire Noeud de Lund
0%
Aucun quiz correspondant
Distribution des résultats
% des personnes avec chaque résultat
Percentile par nombre de réponses
Votre historique - résultats
Vous n’avez pas pris ce quiz